Estudios sobre Sócrates y Platón /

El autor destaca de estos filósofos griegos cuál ha sido su aporte a la filosofía y cuál su influencia al desarrollo de la misma. Contenido: La obra de Sócrates; Los mitos en la filosofía de Platón; Sobre el Banquete de Platón; El devenir en la filosofía de Platón; La teoría platónica de la particip...

全面介紹

Guardado en:
書目詳細資料
主要作者: Brochard, Victor (autor)
格式: 圖書
語言:西班牙语
出版: Buenos Aires, Argentina : Losada, 1940, c1940
叢編:(Biblioteca Filosófica Losada)
主題:
標簽: 添加標簽
沒有標簽, 成為第一個標記此記錄!

MARC

LEADER 00000nam^a2200000^a^4500
001 000258414
005 20250521000000.0
009 20260310110324.349
037 |a Acervo Xavier Clavigero 
041 |a ESP 
082 |a 184.  |b PLA EST BRO 
100 |a Brochard, Victor  |e (autor) 
245 1 0 |a Estudios sobre Sócrates y Platón /  |c V. Brochard ; pról. de Francisco Romero ; tr. por León Ostrov. 
264 4 |a Buenos Aires, Argentina :  |b Losada,  |c 1940, c1940 
300 |a 242 p. 
336 |a texto  |b txt  |2 rdacontenido 
337 |a sin mediación  |b n  |2 rdamedio 
338 |a volumen  |b nc  |2 rdasoporte 
440 1 |a (Biblioteca Filosófica Losada) 
520 |a El autor destaca de estos filósofos griegos cuál ha sido su aporte a la filosofía y cuál su influencia al desarrollo de la misma. Contenido: La obra de Sócrates; Los mitos en la filosofía de Platón; Sobre el Banquete de Platón; El devenir en la filosofía de Platón; La teoría platónica de la participación según el Parménides y el Sofista; Las leyes de Platón y la teoría de las ideas; La moral de Platón. 
649 |a XX 
650 |a Filósofos Griegos 
650 |a Etica 
650 |a Epistemología 
650 |a Mitología Griega 
650 |a Escuela Platónica (Academia) 
650 |a Socráticos 
650 |a Filosofía Griega 
650 |a Filosofía Clásica 
650 |a Sócrates 
650 |a Platón 
910 |a Fondo General 
920 |a Impresos - Libros 
930 |a Colección General 
905 |a 101 
901 |a 007119  |b IT1  |c ACC  |u 20250521 
902 |a https://opac.biblio.iteso.mx/vufind/Record/000258414